000 01474nam a22003857a 4500
003 CHAP
005 20220329143920.0
008 200812s2012 mx r 00010 spa d
010 _a103680
011 _a104652
035 _a115342
040 _cCHAP
090 _aTesis
100 1 _aHernández Aguilar, Marín Rafael.
_953778
245 1 0 _aModelación de máximos de lluvia :
_h[En línea]
_bCaso de estudio
_c/por Marín Rafael Hernández Aguilar
260 _aChapingo, Méx. :
_bEl autor,
_c2012
500 _aPara ver el contenido del material haga clic en la liga
502 _aTesis (Lic. en Estadistica) -- UACH. División de Ciencias Forestales
590 _aALEPH
_b10
_c20130110
_lUCH01
_h1545
590 _aBATCH-UPD
_b10
_c20130110
_lUCH01
_h1157
590 _aBATCH-UPD
_b10
_c20130410
_lUCH01
_h0559
590 _aBATCH-UPD
_b10
_c20130914
_lUCH01
_h1113
590 _aBATCH-UPD
_b10
_c20140324
_lUCH01
_h1532
590 _aBATCH-UPD
_b10
_c20141002
_lUCH01
_h0854
590 _aCONVERSION
_b10
_c20130109
_lUCH01
_h1357
650 0 4 _aCuencas hidrológicas.
_930092
650 0 4 _aLluvia
_zTabasco.
_967345
650 0 4 _aPrecipitación (Meteorología)
_xTabasco.
_991356
650 0 4 _aRíos
_xTabasco.
_999173
856 _3Finding aid
_uhttp://10.13.5.2/tesis/115342.pdf
_zTeclea aqui
901 _aBK
942 _cFOLL
949 _aTesis
_bBC
_cTES
_d33724002341231
_eTS2
_fc.2
_h53731
_i115342
_st
949 _aTesis
_bBC
_cTES
_d33724002341272
_eTS1
_h53730
_i115342
_st
999 _c103680
_d103680